[Event "Geneve op"]
[Site "Geneve"]
[Date "1999.01.29"]
[Round "7"]
[White "Schild, Christophe"]
[Black "Horn, Pascal"]
[Result "1/2-1/2"]
[WhiteElo "2140"]
[BlackElo "2272"]
[PlyCount "74"]
[EventDate "1999.01.23"]
[EventType "swiss"]
[EventRounds "7"]
[EventCountry "SUI"]
[SourceTitle "CBM 068 Extra"]
[Source "ChessBase"]
[SourceDate "1999.03.01"]
[SourceVersion "1"]
[SourceVersionDate "1999.03.01"]
[SourceQuality "1"]

1. e4 Nc6 2. d4 e5 3. d5 Nce7 4. Nf3 Ng6 5. Bd3 Nf6 6. 0-0 Bc5 7. Nbd2 d6 8. c3 0-0 9. b4 Bb6 10. Nc4 c6 11. Nxb6 Qxb6 12. Be3 Qc7 13. c4 c5 14. bxc5 dxc5 15. Qb3 Ne8 16. a4 Bd7 17. a5 Nd6 18. Rfb1 Rab8 19. Qa3 Rfc8 20. Nd2 Ne7 21. f4 f6 22. fxe5 fxe5 23. Nf3 Ng6 24. Qb2 Re8 25. Qf2 b6 26. h4 Nf7 27. axb6 axb6 28. Ra6 Ne7 29. Ra3 Nc8 30. Rab3 Ncd6 31. Qb2 b5 32. Qc2 b4 33. Ra1 Rb6 34. Qf2 Nb7 35. Qb2 Rg6 36. Qf2 Nfd6 37. Rf1 Na5 1/2-1/2

[Event "Geneve op"]
[Site "Geneve"]
[Date "1999.01.26"]
[Round "4"]
[White "Arlandi, Ennio"]
[Black "Horn, Pascal"]
[Result "1-0"]
[WhiteElo "2445"]
[BlackElo "2272"]
[PlyCount "41"]
[EventDate "1999.01.23"]
[EventType "swiss"]
[EventRounds "7"]
[EventCountry "SUI"]
[SourceTitle "CBM 068 Extra"]
[Source "ChessBase"]
[SourceDate "1999.03.01"]
[SourceVersion "1"]
[SourceVersionDate "1999.03.01"]
[SourceQuality "1"]

1. d4 g6 2. c4 Bg7 3. e4 d6 4. Nc3 e5 5. Nf3 Nc6 6. d5 Nce7 7. Be2 f5 8. exf5 gxf5 9. Ng5 Ng6 10. Bh5 N8e7 11. f4 0-0 12. fxe5 dxe5 13. 0-0 e4 14. Bxg6 hxg6 15. Bf4 Bf6 16. Qe1 a6 17. Rd1 Kg7 18. Qg3 c5 19. Be5 Bd7 20. Qh4 Rh8 21. Ne6+ 1-0

[Event "SUI-chT"]
[Site "Switzerland"]
[Date "1998.10.24"]
[Round "6.8"]
[White "Flueckiger, Christian"]
[Black "Horn, Pascal"]
[Result "0-1"]
[WhiteElo "2275"]
[BlackElo "2210"]
[PlyCount "120"]
[EventDate "1998.03.29"]
[EventType "team-tourn"]
[EventRounds "9"]
[EventCountry "SUI"]
[SourceTitle "EXT 2006"]
[Source "ChessBase"]
[SourceDate "2005.11.24"]
[SourceVersion "1"]
[SourceVersionDate "2005.11.24"]
[SourceQuality "1"]

1. e4 Nc6 2. Nf3 d6 3. d4 Bg4 4. Bb5 a6 5. Bxc6+ bxc6 6. h3 Bh5 7. 0-0 e6 8. Re1 h6 9. Nbd2 g5 10. Nf1 f6 11. Ng3 Bg6 12. Qe2 Ne7 13. e5 fxe5 14. dxe5 d5 15. Nd4 Qc8 16. Qg4 Kf7 17. Re3 Bg7 18. Rf3+ Kg8 19. h4 Bxe5 20. hxg5 h5 21. Qh4 c5 22. Nde2 d4 23. Nf4 Bg7 24. Nxg6 Nxg6 25. Qe4 Qe8 26. Bf4 h4 27. Nf1 e5 28. Bd2 Rb8 29. b3 Rb6 30. Nh2 Qc6 31. Re1 Qxe4 32. Rxe4 c4 33. Ng4 cxb3 34. axb3 Rc6 35. c4 dxc3 36. Bxc3 Rh5 37. Bxe5 Rxg5 38. Bxg7 Kxg7 39. Ne3 Ne5 40. Nf5+ Kf6 41. Nxh4+ Nxf3+ 42. Nxf3 Rg7 43. g3 Rb6 44. Rf4+ Ke7 45. b4 Kd6 46. Rd4+ Kc6 47. Rf4 Kb5 48. Nd4+ Ka4 49. b5 axb5 50. Ne6+ Ka3 51. Nxg7 b4 52. Nf5 b3 53. Ne3 Rb4 54. Rxb4 Kxb4 55. Nd1 c5 56. Kf1 c4 57. Ke2 c3 58. Kd3 c2 59. Kd2 cxd1Q+ 60. Kxd1 Ka3 0-1

[Event "Geneve op"]
[Site "Geneve"]
[Date "1997.??.??"]
[Round "1"]
[White "Horn, Pascal"]
[Black "Dautov, Rustem"]
[Result "0-1"]
[WhiteElo "2240"]
[BlackElo "2590"]
[PlyCount "62"]
[EventDate "1997.01.??"]
[EventType "swiss"]
[EventRounds "9"]
[EventCountry "SUI"]
[SourceTitle "EXT 1998"]
[Source "ChessBase"]
[SourceDate "1997.11.17"]
[SourceVersion "1"]
[SourceVersionDate "1997.11.17"]
[SourceQuality "1"]

1. e4 c6 2. f4 d5 3. Nc3 dxe4 4. Nxe4 g6 5. Bc4 Bg7 6. Nf3 Nh6 7. d4 0-0 8. c3 Nf5 9. Bb3 Nd6 10. Ng3 Bg4 11. h3 Bxf3 12. Qxf3 e6 13. Be3 Nd7 14. 0-0 Nf6 15. Bf2 a5 16. a4 Qb6 17. Ra3 Qa6 18. Rd1 Rfd8 19. Bc2 Qb6 20. b3 Qc7 21. Ne2 Nd5 22. g4 f5 23. Raa1 Rf8 24. g5 Rae8 25. Rac1 Ne4 26. c4 Nxf2 27. Kxf2 Nb4 28. Qe3 c5 29. Bb1 cxd4 30. Nxd4 e5 31. Nb5 exf4 0-1

[Event "Geneve op"]
[Site "Geneve"]
[Date "1997.??.??"]
[Round "7"]
[White "Horn, Pascal"]
[Black "Javet, Blaise"]
[Result "0-1"]
[WhiteElo "2240"]
[BlackElo "2085"]
[PlyCount "47"]
[EventDate "1997.01.??"]
[EventType "swiss"]
[EventRounds "9"]
[EventCountry "SUI"]
[SourceTitle "EXT 1998"]
[Source "ChessBase"]
[SourceDate "1997.11.17"]
[SourceVersion "1"]
[SourceVersionDate "1997.11.17"]
[SourceQuality "1"]

1. g4 e5 2. h4 d5 3. g5 Be6 4. d4 exd4 5. Qxd4 Nc6 6. Qa4 a6 7. c3 Bd6 8. Nf3 b5 9. Qc2 Qd7 10. Be3 Nge7 11. Nd4 Nxd4 12. Bxd4 Nf5 13. e4 Nxd4 14. cxd4 dxe4 15. Qxe4 0-0 16. Bd3 g6 17. Nc3 Rae8 18. 0-0-0 b4 19. Ne2 Bg4 20. f3 Rxe4 21. Bxe4 Bf5 22. Kb1 Re8 23. Nc1 Rxe4 24. fxe4 0-1

[Event "Geneve op"]
[Site "Geneve"]
[Date "1996.??.??"]
[Round "9"]
[White "Dittmar, Peter"]
[Black "Horn, Pascal"]
[Result "1-0"]
[WhiteElo "2380"]
[BlackElo "2235"]
[PlyCount "31"]
[EventDate "1996.01.??"]
[EventType "swiss"]
[EventRounds "9"]
[EventCountry "SUI"]
[SourceTitle "CBM 051 Extra"]
[Source "ChessBase"]
[SourceDate "1996.05.01"]
[SourceVersion "1"]
[SourceVersionDate "1996.05.01"]
[SourceQuality "1"]

1. d4 g6 2. e4 Bg7 3. c4 d6 4. Nc3 Bd7 5. Be3 e5 6. d5 a5 7. c5 Na6 8. cxd6 cxd6 9. Nb5 Bc8 10. h4 f5 11. Rc1 f4 12. Nc7+ Nxc7 13. Bb6 Bg4 14. Qxg4 Rc8 15. Bb5+ Kf8 16. Qd7 1-0

[Event "Geneve op"]
[Site "Geneve"]
[Date "1996.??.??"]
[Round "7"]
[White "Horn, Pascal"]
[Black "Kraft, Volker"]
[Result "1-0"]
[WhiteElo "2235"]
[BlackElo "2250"]
[PlyCount "43"]
[EventDate "1996.01.??"]
[EventType "swiss"]
[EventRounds "9"]
[EventCountry "SUI"]
[SourceTitle "CBM 051 Extra"]
[Source "ChessBase"]
[SourceDate "1996.05.01"]
[SourceVersion "1"]
[SourceVersionDate "1996.05.01"]
[SourceQuality "1"]

1. e4 c5 2. f4 d5 3. Nc3 dxe4 4. Nxe4 e6 5. Nf3 Nf6 6. Nf2 Be7 7. b3 0-0 8. Bb2 b6 9. Bd3 g6 10. h4 Bb7 11. h5 Nc6 12. hxg6 hxg6 13. Be4 Rb8 14. Bxc6 Bxc6 15. Qe2 Re8 16. Qe5 Bxf3 17. gxf3 Qd5 18. Qxf6 Bxf6 19. Bxf6 Qh5 20. 0-0-0 Kh7 21. Ne4 Kh6 22. Ng3 1-0

[Event "Geneve op"]
[Site "Geneve"]
[Date "1996.??.??"]
[Round "3"]
[White "Horn, Pascal"]
[Black "Liardet, Fabrice"]
[Result "0-1"]
[WhiteElo "2235"]
[BlackElo "2355"]
[PlyCount "80"]
[EventDate "1996.01.??"]
[EventType "swiss"]
[EventRounds "9"]
[EventCountry "SUI"]
[SourceTitle "CBM 051 Extra"]
[Source "ChessBase"]
[SourceDate "1996.05.01"]
[SourceVersion "1"]
[SourceVersionDate "1996.05.01"]
[SourceQuality "1"]

1. e4 d5 2. exd5 Nf6 3. d4 Bg4 4. f3 Bf5 5. Bc4 Nxd5 6. Nc3 e6 7. Nge2 Nc6 8. Bb5 Qd7 9. Ne4 a6 10. Ba4 Nb6 11. Bb3 0-0-0 12. c3 e5 13. Be3 Nd5 14. Bf2 exd4 15. Nxd4 Nf4 16. 0-0 Bh3 17. Ba4 b5 18. Nxb5 axb5 19. Bxb5 Qxd1 20. Rfxd1 Bd7 21. Be3 Ne6 22. Ba6+ Kb8 23. Rd5 Bc8 24. Bc4 Rxd5 25. Bxd5 Ne5 26. a4 f5 27. Bxe6 Bxe6 28. Ng5 Bb3 29. a5 Be7 30. a6 Rd8 31. Nxh7 Rd1+ 32. Rxd1 Bxd1 33. Bd4 Bd6 34. b4 Be2 35. a7+ Kb7 36. Ng5 g6 37. Ne6 Nc6 38. Kf2 Bc4 39. Ng5 Nxd4 40. cxd4 Bxb4 0-1

[Event "Geneve op"]
[Site "Geneve"]
[Date "1996.??.??"]
[Round "1"]
[White "Horn, Pascal"]
[Black "Markowski, Tomasz"]
[Result "0-1"]
[WhiteElo "2235"]
[BlackElo "2535"]
[PlyCount "79"]
[EventDate "1996.01.??"]
[EventType "swiss"]
[EventRounds "9"]
[EventCountry "SUI"]
[SourceTitle "CBM 051 Extra"]
[Source "ChessBase"]
[SourceDate "1996.05.01"]
[SourceVersion "1"]
[SourceVersionDate "1996.05.01"]
[SourceQuality "1"]

1. e4 c5 2. f4 d5 3. Nc3 dxe4 4. Nxe4 e6 5. Nf3 Nc6 6. Bb5 Bd7 7. Qe2 Nh6 8. 0-0 Be7 9. c3 0-0 10. Bd3 Re8 11. Neg5 g6 12. Bc2 e5 13. Qe1 f6 14. Qh4 Kg7 15. Qxh6+ Kxh6 16. Nf7+ Kg7 17. Nxd8 Raxd8 18. fxe5 fxe5 19. Be4 c4 20. b3 b5 21. bxc4 bxc4 22. Rb1 Rb8 23. Rxb8 Rxb8 24. Re1 Rb5 25. d4 cxd3 26. Bxd3 Ra5 27. Bc4 h6 28. Be3 g5 29. Rb1 Bc5 30. Kf2 Bxe3+ 31. Kxe3 Rc5 32. Rb7 Rxc4 33. Rxd7+ Kf8 34. Kd3 Ra4 35. Nd2 e4+ 36. Ke3 Rxa2 37. Kxe4 Ne7 38. Kf3 Ke8 39. Rd3 Ng6 40. Re3+ 0-1

[Event "Zuerich op-A 19th"]
[Site "Zuerich"]
[Date "1995.??.??"]
[Round "4"]
[White "Glek, Igor Vladimirovich"]
[Black "Horn, Pascal"]
[Result "1-0"]
[WhiteElo "2580"]
[BlackElo "2245"]
[PlyCount "61"]
[EventDate "1995.12.26"]
[EventType "swiss"]
[EventRounds "7"]
[EventCountry "SUI"]
[SourceTitle "EXT 1998"]
[Source "ChessBase"]
[SourceDate "1997.11.17"]
[SourceVersion "1"]
[SourceVersionDate "1997.11.17"]
[SourceQuality "1"]

1. e4 d5 2. exd5 Qxd5 3. Nc3 Qa5 4. d4 c6 5. Nf3 Nf6 6. Ne5 Be6 7. Bc4 Bxc4 8. Nxc4 Qf5 9. 0-0 e6 10. Re1 Nbd7 11. Ne3 Qg6 12. d5 cxd5 13. Nb5 0-0-0 14. Nxa7+ Kb8 15. Nb5 Bc5 16. c3 Ne5 17. b4 Bb6 18. a4 Nd3 19. a5 Ba7 20. Rf1 Nxc1 21. Qxc1 Qd3 22. Nxa7 Kxa7 23. Rd1 Qb5 24. Nc2 Rc8 25. Qe3+ Kb8 26. a6 Rc7 27. Ra5 Qc4 28. axb7 Rxb7 29. Rda1 Rc8 30. Qe5+ Rbc7 31. Nd4 1-0

[Event "SUI-chT"]
[Site "Switzerland"]
[Date "1995.??.??"]
[Round "8"]
[White "Hammer, Peter"]
[Black "Horn, Pascal"]
[Result "1-0"]
[WhiteElo "2280"]
[BlackElo "2245"]
[PlyCount "81"]
[EventDate "1995.??.??"]
[EventType "team-tourn"]
[EventRounds "9"]
[EventCountry "SUI"]
[SourceTitle "CBM 049 Extra"]
[Source "ChessBase"]
[SourceDate "1996.01.01"]
[SourceVersion "1"]
[SourceVersionDate "1996.01.01"]
[SourceQuality "1"]

1. c4 g6 2. Nc3 Bg7 3. d4 d6 4. Nf3 Bg4 5. e3 Nc6 6. Be2 e5 7. d5 Nce7 8. 0-0 Bd7 9. a4 a5 10. e4 f5 11. c5 Nf6 12. cxd6 cxd6 13. Nd2 0-0 14. f3 f4 15. Nc4 Ne8 16. Qb3 Qb8 17. Bd2 Nc8 18. Be1 Bf6 19. Bf2 Bd8 20. Nb5 b6 21. Rfc1 g5 22. Rc3 Rf6 23. Rac1 Rg6 24. Nba3 Qb7 25. Nd2 Nc7 26. Ndc4 Ne8 27. Nb5 Qb8 28. Nd2 Kf8 29. Qc4 h5 30. b4 g4 31. Rb3 Na7 32. Nc3 Bxa4 33. Nxa4 b5 34. bxa5 Bxa5 35. Qd3 g3 36. hxg3 fxg3 37. Be3 Qd8 38. Nc3 Rc8 39. Nf1 b4 40. Na4 Rxc1 41. Bxc1 1-0

[Event "SUI-chT"]
[Site "Switzerland"]
[Date "1995.??.??"]
[Round "6"]
[White "Horn, Pascal"]
[Black "Masserey, Yvan"]
[Result "0-1"]
[WhiteElo "2245"]
[BlackElo "2350"]
[PlyCount "86"]
[EventDate "1995.??.??"]
[EventType "team-tourn"]
[EventRounds "9"]
[EventCountry "SUI"]
[SourceTitle "CBM 049 Extra"]
[Source "ChessBase"]
[SourceDate "1996.01.01"]
[SourceVersion "1"]
[SourceVersionDate "1996.01.01"]
[SourceQuality "1"]

1. e4 e6 2. g3 c5 3. Bg2 Nc6 4. Nc3 Nge7 5. Nge2 d6 6. d4 cxd4 7. Nxd4 Nxd4 8. Qxd4 Nc6 9. Qd3 a6 10. Bf4 Qc7 11. 0-0 Ne5 12. Qe2 Be7 13. Rfc1 Bd7 14. Nd1 b5 15. Bxe5 dxe5 16. c4 b4 17. Ne3 Bc5 18. Nc2 a5 19. b3 0-0 20. Kh1 Bc6 21. Rf1 a4 22. Rad1 axb3 23. axb3 Rfd8 24. Rxd8+ Rxd8 25. Rd1 Rd7 26. f3 h5 27. Rxd7 Qxd7 28. Bf1 Qb7 29. Qd3 f5 30. Bg2 fxe4 31. fxe4 Qe7 32. h4 Qf6 33. Qf3 Qh6 34. Kh2 Qd2 35. Nxb4 Bxb4 36. Qxh5 Bxe4 37. Qe8+ Bf8 38. Qxe6+ Kh8 39. Qh3 Qe2 40. Kh1 Qf1+ 41. Kh2 Qf2 42. h5 Bf5 43. h6 Qg1+ 0-1

[Event "Zuerich op-A 19th"]
[Site "Zuerich"]
[Date "1995.??.??"]
[Round "5"]
[White "Horn, Pascal"]
[Black "Mottas, Christian"]
[Result "1-0"]
[WhiteElo "2245"]
[BlackElo "2190"]
[PlyCount "99"]
[EventDate "1995.12.26"]
[EventType "swiss"]
[EventRounds "7"]
[EventCountry "SUI"]
[SourceTitle "EXT 1998"]
[Source "ChessBase"]
[SourceDate "1997.11.17"]
[SourceVersion "1"]
[SourceVersionDate "1997.11.17"]
[SourceQuality "1"]

1. Nf3 d5 2. g3 Nf6 3. Bg2 e6 4. 0-0 Be7 5. d3 b6 6. e4 dxe4 7. dxe4 Qxd1 8. Rxd1 Bb7 9. e5 Ne4 10. Nfd2 Nc5 11. Bxb7 Nxb7 12. f4 Nc6 13. Ne4 Nc5 14. Nf2 0-0 15. Be3 Nb4 16. Na3 Nd5 17. Bc1 Rfd8 18. Nb5 Nb4 19. Rxd8+ Rxd8 20. c3 Nbd3 21. Nd4 Nxf2 22. Kxf2 Na4 23. Nc6 Bc5+ 24. Ke2 Rd7 25. Nxa7 Bg1 26. h3 Bh2 27. g4 Nc5 28. Be3 Nd3 29. Kf3 g5 30. fxg5 Bxe5 31. Nc6 Bg7 32. Rb1 Ne5+ 33. Nxe5 Bxe5 34. c4 Rd8 35. b3 Kf8 36. Ke2 Ke7 37. Rd1 Rxd1 38. Kxd1 Bd6 39. a4 Bb4 40. Ke2 Kd6 41. Kf3 Kd7 42. Ke4 Kc6 43. Ke5 Be7 44. h4 Kd7 45. Bd2 c6 46. b4 Bd8 47. a5 bxa5 48. bxa5 Ke7 49. Bb4+ Kd7 50. a6 1-0

[Event "SUI-chT"]
[Site "Switzerland"]
[Date "1995.??.??"]
[Round "7"]
[White "Rufener, Markus"]
[Black "Horn, Pascal"]
[Result "0-1"]
[WhiteElo "2200"]
[BlackElo "2245"]
[PlyCount "50"]
[EventDate "1995.??.??"]
[EventType "team-tourn"]
[EventRounds "9"]
[EventCountry "SUI"]
[SourceTitle "CBM 049 Extra"]
[Source "ChessBase"]
[SourceDate "1996.01.01"]
[SourceVersion "1"]
[SourceVersionDate "1996.01.01"]
[SourceQuality "1"]

1. d4 g6 2. c4 Bg7 3. Nc3 d6 4. e4 Nc6 5. Be3 e5 6. Nge2 f5 7. f3 Nf6 8. Qd2 exd4 9. Nxd4 fxe4 10. Nxc6 bxc6 11. fxe4 0-0 12. 0-0-0 Qe8 13. Bd3 Ng4 14. h3 Nxe3 15. Qxe3 Qe5 16. Rhf1 Bf6 17. Kc2 Rb8 18. Be2 Bf5 19. Rb1 d5 20. Bf3 d4 21. Qe2 Be6 22. Na4 Rb4 23. b3 Bxc4 24. bxc4 Rxa4 25. Kd1 d3 0-1

[Event "Neuchatel op"]
[Site "Neuchatel"]
[Date "1994.05.??"]
[Round "?"]
[White "Horn, Pascal"]
[Black "Svendsen, Tony"]
[Result "1-0"]
[WhiteElo "2280"]
[BlackElo "1905"]
[PlyCount "41"]
[EventDate "1994.05.??"]
[EventType "swiss"]
[EventRounds "7"]
[EventCountry "SUI"]
[SourceTitle "EXT 2007"]
[Source "ChessBase"]
[SourceDate "2006.11.23"]
[SourceVersion "1"]
[SourceVersionDate "2006.11.23"]
[SourceQuality "1"]

1. e4 c5 2. f4 d5 3. Nc3 dxe4 4. Nxe4 e6 5. Nf3 Nc6 6. Bc4 Be7 7. d3 Nf6 8. Be3 0-0 9. 0-0 Nd5 10. Bd2 Na5 11. Qe1 Nxc4 12. dxc4 Nf6 13. Bc3 b6 14. Rd1 Qc7 15. Be5 Qc6 16. Nxf6+ gxf6 17. Qg3+ Kh8 18. Qh4 fxe5 19. Qxe7 Bb7 20. Rd6 Qc8 21. Nxe5 1-0

[Event "Biel MTO op"]
[Site "Biel"]
[Date "1994.??.??"]
[Round "3"]
[White "Chehlov, Aleksander"]
[Black "Horn, Pascal"]
[Result "1-0"]
[WhiteElo "2280"]
[BlackElo "2275"]
[PlyCount "85"]
[EventDate "1994.07.??"]
[EventType "swiss"]
[EventRounds "11"]
[EventCountry "SUI"]
[SourceTitle "TD"]
[Source "ChessBase"]
[SourceDate "1994.03.01"]
[SourceVersion "1"]
[SourceVersionDate "1994.03.01"]
[SourceQuality "1"]

1. e4 d6 2. d4 Nf6 3. Nc3 g6 4. f4 Bg7 5. Nf3 0-0 6. Bd3 c6 7. 0-0 b5 8. a3 Qb6 9. Kh1 a5 10. Qe1 Ra7 11. e5 Nd5 12. Nxd5 cxd5 13. Qh4 f6 14. exd6 Qxd6 15. Bxb5 Bf5 16. c3 Rb7 17. a4 Nc6 18. Re1 Rfb8 19. h3 e6 20. Qf2 Be4 21. Nd2 f5 22. Nb3 Ra7 23. Nc5 Bf6 24. Be3 Rg7 25. Qd2 h6 26. Rad1 Ne7 27. Nd7 Bh4 28. Bf2 Bxf2 29. Qxf2 g5 30. fxg5 hxg5 31. Nxb8 Qxb8 32. Bd3 g4 33. Bxe4 dxe4 34. c4 gxh3 35. gxh3 Qb3 36. Qe3 Qxc4 37. Rg1 Ng6 38. Rc1 Qd5 39. Rc8+ Kh7 40. Rg5 Rf7 41. Rh5+ Kg7 42. Qh6+ Kf6 43. Qg5+ 1-0

[Event "Dresden op 03rd"]
[Site "Dresden"]
[Date "1994.??.??"]
[Round "?"]
[White "Horn, Pascal"]
[Black "Kovalev, Andrei"]
[Result "0-1"]
[WhiteElo "2275"]
[BlackElo "2525"]
[PlyCount "54"]
[EventDate "1994.07.14"]
[EventType "swiss"]
[EventRounds "9"]
[EventCountry "GER"]
[SourceTitle "TD"]
[Source "ChessBase"]
[SourceDate "1994.03.01"]
[SourceVersion "1"]
[SourceVersionDate "1994.03.01"]
[SourceQuality "1"]

1. d4 Nf6 2. Nf3 g6 3. Bg5 Bg7 4. Nbd2 d6 5. e4 h6 6. Bh4 Nh5 7. c3 g5 8. Bg3 c5 9. dxc5 Nxg3 10. hxg3 dxc5 11. Qb3 Nc6 12. Nc4 Qc7 13. Ne3 e6 14. Be2 b6 15. Nd2 Bb7 16. a4 Na5 17. Qc2 Rd8 18. Ndc4 Nxc4 19. Nxc4 Ke7 20. Bh5 Ba6 21. Qb3 Qc6 22. f3 Qc7 23. f4 Qc6 24. 0-0 Qxe4 25. fxg5 Bxc4 26. Rxf7+ Kd6 27. Qd1+ Bd5 0-1

[Event "Geneve op"]
[Site "Geneve"]
[Date "1994.??.??"]
[Round "8"]
[White "Horn, Pascal"]
[Black "Plesec, Damjan"]
[Result "1-0"]
[WhiteElo "2280"]
[BlackElo "2325"]
[PlyCount "85"]
[EventDate "1994.01.??"]
[EventType "swiss"]
[EventRounds "9"]
[EventCountry "SUI"]
[SourceTitle "TD"]
[Source "ChessBase"]
[SourceDate "1994.03.01"]
[SourceVersion "1"]
[SourceVersionDate "1994.03.01"]
[SourceQuality "1"]

1. e4 d5 2. Nc3 e6 3. d4 Nf6 4. Bg5 dxe4 5. Nxe4 Nbd7 6. Nf3 h6 7. Nxf6+ Nxf6 8. Be3 Nd5 9. Qd2 Nxe3 10. fxe3 c5 11. Bd3 Be7 12. 0-0 0-0 13. c3 b6 14. Rad1 Bb7 15. Qc2 cxd4 16. exd4 Bd6 17. Be4 Bxe4 18. Qxe4 Qc7 19. Rde1 Rac8 20. Qh4 Qc4 21. a3 b5 22. Nd2 Qc7 23. Qh5 a5 24. Rf3 Rce8 25. Ne4 f5 26. Nxd6 Qxd6 27. Rxf5 exf5 28. Rxe8 Qf4 29. Re1 b4 30. axb4 axb4 31. Qe2 Kh7 32. Rf1 Qd6 33. Qd3 g6 34. c4 b3 35. Qe3 Rf7 36. Re1 Qb4 37. c5 f4 38. Qc3 Qb7 39. c6 Qb6 40. Qc4 Kg7 41. Rf1 g5 42. Kh1 f3 43. gxf3 1-0

[Event "SUI-chT"]
[Site "Switzerland"]
[Date "1994.??.??"]
[Round "1"]
[White "Ruefenacht, Matthias"]
[Black "Horn, Pascal"]
[Result "1-0"]
[WhiteElo "2390"]
[BlackElo "2200"]
[PlyCount "71"]
[EventDate "1994.??.??"]
[EventType "team-tourn"]
[EventRounds "9"]
[EventCountry "SUI"]
[SourceTitle "EXT 2000"]
[Source "ChessBase"]
[SourceDate "1999.11.16"]
[SourceVersion "1"]
[SourceVersionDate "1999.11.16"]
[SourceQuality "1"]

1. e4 Nf6 2. e5 Nd5 3. d4 d6 4. Nf3 Bg4 5. Be2 c6 6. 0-0 Bxf3 7. Bxf3 dxe5 8. dxe5 e6 9. Nd2 Nd7 10. Re1 Qc7 11. Nc4 N7b6 12. Bxd5 cxd5 13. Nxb6 Qxb6 14. c4 Bc5 15. Be3 Bxe3 16. Rxe3 Rd8 17. Qa4+ Qc6 18. Qxa7 dxc4 19. Qa3 f5 20. exf6 gxf6 21. Rae1 Kf7 22. Qc3 Rhg8 23. g3 Rd6 24. Re4 b5 25. Rf4 Rg6 26. a4 bxa4 27. Rxc4 Qb5 28. Rc5 Qe8 29. Rc8 Qe7 30. Qc2 Kg7 31. Re4 Rg5 32. Rc7 Rd7 33. Rxd7 Qxd7 34. Rc4 Qd6 35. Rc7+ Kf8 36. Qxh7 1-0

[Event "SUI-chT"]
[Site "Switzerland"]
[Date "1994.??.??"]
[Round "5"]
[White "Schneider, M."]
[Black "Horn, Pascal"]
[Result "0-1"]
[WhiteElo "2055"]
[BlackElo "2200"]
[PlyCount "110"]
[EventDate "1994.??.??"]
[EventType "team-tourn"]
[EventRounds "9"]
[EventCountry "SUI"]
[SourceTitle "EXT 2000"]
[Source "ChessBase"]
[SourceDate "1999.11.16"]
[SourceVersion "1"]
[SourceVersionDate "1999.11.16"]
[SourceQuality "1"]

1. e4 g6 2. d4 Bg7 3. Nc3 d6 4. Be3 Nf6 5. h3 0-0 6. Nf3 Nc6 7. Bc4 Nd7 8. 0-0 Nb6 9. Bb3 Na5 10. Qe2 Nxb3 11. axb3 c6 12. Ne1 d5 13. e5 f6 14. Bf4 g5 15. exf6 exf6 16. Bh2 Bf5 17. Nd3 Re8 18. Qd2 h5 19. Rfe1 Nd7 20. Re2 Nf8 21. Rae1 Qd7 22. Nc5 Rxe2 23. Qxe2 Qf7 24. g4 hxg4 25. hxg4 Bg6 26. Nd1 b6 27. Nd3 Qd7 28. f3 Re8 29. Qd2 Ne6 30. c3 Bf8 31. N1f2 Bd6 32. Bxd6 Qxd6 33. Kg2 c5 34. dxc5 bxc5 35. Nh3 Re7 36. Ndf2 Qd7 37. Rd1 Bf7 38. Qd3 Nf8 39. Nh1 Ng6 40. Ng3 Nh4+ 41. Kf2 Qc7 42. Ng1 Qb6 43. N1e2 Qxb3 44. Rd2 Re5 45. f4 gxf4 46. Nxf4 Qa4 47. Ngh5 Bxh5 48. Nxh5 Kf8 49. Qh7 Qxg4 50. Qh6+ Ke7 51. Qxf6+ Kd7 52. Ng3 Qh3 53. Qg7+ Kc6 54. Re2 Qg2+ 55. Ke1 Rxe2+ 0-1

[Event "SUI-chT"]
[Site "Switzerland"]
[Date "1993.??.??"]
[Round "?"]
[White "Flueckiger, Christian"]
[Black "Horn, Pascal"]
[Result "1-0"]
[WhiteElo "2240"]
[BlackElo "2305"]
[PlyCount "85"]
[EventDate "1993.??.??"]
[EventType "team-tourn"]
[EventRounds "9"]
[EventCountry "SUI"]
[SourceTitle "TD"]
[Source "ChessBase"]
[SourceDate "1994.03.01"]
[SourceVersion "1"]
[SourceVersionDate "1994.03.01"]
[SourceQuality "1"]

1. g3 g6 2. Bg2 Bg7 3. e4 c5 4. Ne2 Nc6 5. 0-0 d6 6. d3 e6 7. Nbc3 Nge7 8. Bg5 h6 9. Be3 Nd4 10. Qd2 Bd7 11. Rae1 Qa5 12. f4 Bc6 13. Nc1 b5 14. f5 Ng8 15. fxg6 fxg6 16. Nb3 Nxb3 17. axb3 b4 18. e5 d5 19. Qf2 Ne7 20. Qf7+ Kd7 21. Bh3 bxc3 22. Qxe6+ Kd8 23. Rf7 Qc7 24. Bxc5 Bf8 25. Qf6 Be8 26. d4 Bxf7 27. Qxh8 Ng8 28. Bxf8 cxb2 29. e6 Qxc2 30. Qe5 Be8 31. Qxd5+ Kc7 32. Bd6+ Kb6 33. Qc5+ Qxc5 34. dxc5+ Kb5 35. Rb1 Bc6 36. Rxb2 Nf6 37. b4 Re8 38. Bf1+ Ka4 39. b5 Bd5 40. e7 Ng8 41. b6 Ka3 42. Rd2 Nxe7 43. Bxe7 1-0

[Event "SUI-chT"]
[Site "Switzerland"]
[Date "1993.??.??"]
[Round "?"]
[White "Horn, Pascal"]
[Black "Milosevic, Goran"]
[Result "0-1"]
[WhiteElo "2305"]
[BlackElo "2410"]
[PlyCount "79"]
[EventDate "1993.??.??"]
[EventType "team-tourn"]
[EventRounds "9"]
[EventCountry "SUI"]
[SourceTitle "TD"]
[Source "ChessBase"]
[SourceDate "1994.03.01"]
[SourceVersion "1"]
[SourceVersionDate "1994.03.01"]
[SourceQuality "1"]

1. e4 c5 2. f4 Nc6 3. Nf3 g6 4. Bb5 Bg7 5. c3 Nf6 6. d3 0-0 7. Bxc6 bxc6 8. Qc2 d5 9. h3 c4 10. e5 cxd3 11. Qxd3 Ne4 12. g4 a5 13. Be3 Ba6 14. Qc2 f6 15. Nbd2 fxe5 16. Nxe4 dxe4 17. Qxe4 Bd3 18. Qxc6 Ra6 19. Qb7 exf4 20. Qb3+ Kh8 21. Bd4 a4 22. Qb4 Bxd4 23. Nxd4 e5 24. 0-0-0 e4 25. Rxd3 exd3 26. Qc4 d2+ 27. Kxd2 Ra5 28. Kc2 Qf6 29. Rf1 g5 30. Nf3 Rd8 31. Qe4 Rb8 32. Nd4 Re5 33. Qd3 Qb6 34. b4 axb3+ 35. axb3 Rc8 36. Nf5 Rd8 37. Nd4 Qa5 38. Rb1 Re3 39. Qc4 Qe5 40. b4 0-1

[Event "SUI-chT"]
[Site "Switzerland"]
[Date "1993.??.??"]
[Round "?"]
[White "Horn, Pascal"]
[Black "Robert, Antonin"]
[Result "1/2-1/2"]
[WhiteElo "2305"]
[BlackElo "2240"]
[PlyCount "88"]
[EventDate "1993.??.??"]
[EventType "team-tourn"]
[EventRounds "9"]
[EventCountry "SUI"]
[SourceTitle "TD"]
[Source "ChessBase"]
[SourceDate "1994.03.01"]
[SourceVersion "1"]
[SourceVersionDate "1994.03.01"]
[SourceQuality "1"]

1. e4 c5 2. f4 d5 3. Nc3 dxe4 4. Nxe4 Nd7 5. Qe2 Qc7 6. g3 Ngf6 7. Nc3 a6 8. Bg2 g6 9. b3 Bg7 10. Bb2 0-0 11. Nf3 b5 12. a4 Rb8 13. axb5 axb5 14. Nxb5 Qb6 15. Na3 Ba6 16. Nc4 Bxc4 17. Qxc4 Qc7 18. 0-0 Rb4 19. Qe2 Re4 20. Qd1 Rb4 21. Bc3 Nd5 22. Bxg7 Kxg7 23. Qe2 N7f6 24. Ne5 e6 25. Ra6 Rb6 26. Rxb6 Nxb6 27. h3 h5 28. h4 Rd8 29. d3 Nbd5 30. Ra1 Ne7 31. Ra6 Rd6 32. Rxd6 Qxd6 33. Qf2 Nf5 34. Nc4 Qc7 35. Bf3 Nd4 36. Bd1 Nd5 37. Qe1 Qa7 38. Kg2 Qa1 39. Qe5+ f6 40. Qe1 Nc3 41. Ne3 Nxd1 42. Qxd1 Qxd1 43. Nxd1 Nxc2 44. Nc3 Nd4 1/2-1/2